|
|
|
|
| LEADER |
00783nam a2200217 a 4500 |
| 001 |
GR-MES1891 |
| 008 |
991111s1982 gr 000 b eng d |
| 020 |
|
|
|a 0852381212
|
| 040 |
|
|
|a GrPaTEI
|b gre
|c GR-PaULI
|
| 245 |
0 |
0 |
|a Stability and trim of fishing vessels and other small ships.
|
| 250 |
|
|
|a 2nd
|
| 260 |
|
|
|a Farnham :
|b Fishing News Books,
|c 1982
|
| 300 |
|
|
|a 132σελ. :
|b εικ.,σχημ.
|
| 650 |
|
4 |
|a Αλιεία
|
| 650 |
|
4 |
|a ΣΚΑΦΗ
|
| 700 |
1 |
|
|a Hind, A.
|
| 710 |
0 |
|
|a Fishing News Books
|
| 942 |
|
|
|2 ddc
|
| 952 |
|
|
|0 0
|1 0
|2 ddc
|4 0
|6 623_822000000000000_HIN
|7 0
|9 266183
|a MSLG
|b MSLG
|c BSC
|d 2021-01-17
|e 24
|f 0
|g 0.00
|l 0
|o 623.822 HIN
|p 2420000008663
|r 2021-01-17 00:00:00
|t 1
|w 2021-01-17
|y BK15
|x 19991111 0 1
|x GrPaTEI
|
| 971 |
|
|
|a .b25729354
|b 15-04-20
|c 13-09-16
|
| 999 |
|
|
|c 153077
|d 153077
|